MDQL
is popping MORE tags! Check the
thread
!
Quizzes
Events
Quiz Creation
Community
Videos
Private Events
Remove Ads
Sign In
Join for FREE
Feedback
Dark Mode
Quiz Categories
Sports
Geography
Music
Movies
Television
Just For Fun
Miscellaneous
History
Literature
Language
Science
Gaming
Entertainment
Religion
Holiday
For Kids
Quiz Lab
Recent
Popular Today
Quiz Kudos Today
Editor Picks
Curator Picks
Quizzes by...
Day
Popularity
Type
Ratings
Length
Year
Community
Subscriptions
Recent Discussions
Orange Saloon
Badges
Playlists
Quests
Create
Leaderboards
Showdown
Live 5
Trivia Bingo
Activity
Puzzle Library
Sporcle Events
Private Events
Virtual Trivia
Globe League
Become a Host
Pub Owners
SporcleCon
Opinionation
Our Games
Videos
Blog
Mobile Apps
Partnerships
Remove Ads and Go Orange
Feedback
Literature
Harry Potter
A Song of Ice and Fire
The Hunger Games
Literary Character
Shakespeare
Book
Author
Novel
Poem
Young Adult
Children's Books
Play
Lord of the Rings
Literature
Harry Potter
A Song of Ice and Fire
The Hunger Games
Literary Character
Shakespeare
Book
Author
Novel
Poem
Young Adult
Children's Books
Play
Lord of the Rings
Random Quiz
Search Sporcle
×
Quiz Lab
Quiz Lab
Literature
Novel
Type in answers that appear in a list
Type in answers that appear in a list
Classic
Best Score? Go Orange.
The novels less known... Stats
Can you name the The novels less known...?
By
Michael_3165
10m
15 Questions
7 Plays
7 Plays
7 Plays
Comments
Comments
Give Quiz Kudos
Give Quiz Kudos
-
- Ratings
hide this ad
Replay
Link that replays current quiz
Next Quiz
Link to next quiz in quiz playlist
You Got
0%
They Got
Avg Score
33%
Avg Friend Score
Upgrade to see
Score Distribution
Jump to the score distribution portion of the page
Score
0/15
Timer
10:00
0
Plays Today
Hint
Answer
% Correct
Harper Lee (2015, mockingbird sequel)
Go Set A Watchman
100%
Truman Capote (1965, murder fiction based on real life)
In Cold Blood
85.7%
Zadie Smith (2005, feat. the Belsey family)
On Beauty
57.1%
J.K Rowling (2012, councillor dies, Pagford)
Casual Vacancy
57.1%
John Steinbeck (1961, seasonal title)
The Winter of Our Discontent
42.9%
J.D Salinger (1961, two names in the title)
Franny and Zooey
42.9%
Stephen King (2013, Torrance grows up)
Doctor Sleep
28.6%
Henry James (1897,what knowledge did the girl possess?)
What Maisie Knew
28.6%
Hint
Answer
% Correct
Jonathan Franzen (2015, one meaning of the colour white)
Purity
28.6%
Charles Dickens (1865, last completed novel)
Our Mutual Friend
14.3%
L.Frank Baum (1900, little people, emerald, balloon)
The Wizard of Oz
14.3%
Dean Koontz (1998, Moonlight Bay, XP)
Fear Nothing
0%
John Fowles (1963, hostage girl, butterfly lover)
The Collector
0%
Rudyard Kipling (1902, rhino, ethiopien, whale)
Just So Stories
0%
Salman Rushdie (1994, compass points)
East, West
0%
Quiz Playlist
Details
Report
Send in Message
Add To Playlist
Classic:
Type in answers that appear in a list
Last Updated: Feb 16, 2017
Quiz Scoreboard
CHALLENGE
Sign Up to Join the Scoreboard
Show All
Scores
Hide
Comments
May contain spoilers
Recently Published
Colored Red Africa Blitz
by spor1
Geography
30s
Find the 'City' Movie
by crazypaving
Movies
60s
5x2 Blitz: Bands
by SL_Kpop136
Music
30s
More to Explore
Quiz From the Vault
Featured Blog Post
14 Easter Pick-up Lines to Find Eggs With
hide this ad
You Might Also Like...
Tags
Novel Quiz
Known
less
Today's Top Quizzes in Literature
Browse Literature
hide this ad
Today's Top Quizzes in Novel
Browse Novel
Top Contributed Quizzes in Literature
1
Sneaky Slytherin Logic Puzzle
2
Harry Potter Slytherin Logic Puzzle
3
Get The Picture: Black or White Literature
4
A Song of Ice and Fire Logic Puzzle
5
Logic Puzzle: Avoid Dumbledore's Army
6
Mini Trivia Sudoku: A Song of Ice and Fire
7
'Middle' Earth
8
Quick Pick: Easter in Book Titles
9
Books By Opening Lines IV
10
The Hunger Games Logic Puzzle: Find Katniss
Explore More
Trending Topics
Marvel
Crossword
Disney
NBA
Harry Potter
Kpop
Anime
Pokémon
The Office
Country
Soccer
Puzzle
WWE
Song
NFL
hide this ad
More By:
Michael_3165
Quiz
Plays
Rating
Category
Featured
Created
WWE WrestleMania Crossword
1,310
2.10
Sports
May 8, 2019
Wrestling Crossword
803
3.67
Sports
May 3, 2019
Wrestling Crossword
412
2.33
Sports
May 20, 2019
Wuthering Heights First 200 Words
373
4.00
Literature
Feb 16, 2017
Wrestling Crossword
308
2.00
Sports
May 7, 2019
Go to Creator's Profile
Score Distribution
Quiz Creator Spotlight
Michael_3165
Follow
Send a Message
Quizzes Created
-
Created Quiz Play Count
-
More By This Creator
Popular Quizzes Today
1
Colored Red Africa Blitz
2
Find the 'City' Movie
3
5x2 Blitz: Bands
4
Find the US States - No Outlines Minefield
5
The Countries of the World
6
Find the US States
7
US States
8
Find the Countries of Europe - No Outlines Minefield
More Literature Quizzes
Debut & 'Best' Novels
Published
Trending Quizzes
Colored Red Europe Blitz I
Colored Red Europe Blitz II
Colored Red Africa Blitz II
Colored Red Europe Blitz III
Colored Red Africa Blitz III
Recently Updated
How Do You Spell That?
pecheneg
Godzilla Movies
pecheneg
Grab Bag: 4-10 Letters
pecheneg
2024 March Madness Bracket
pecheneg
Famous TV Couples
Peacemaker
Champions League XIs: Real Madrid
pecheneg
Largest US Cities 1790-2010
pecheneg
Rides in Walt Disney World
pecheneg
Most Oscar Losses (Acting)
pecheneg
Beyoncé Albums
pecheneg
Trending Topics
Marvel
Crossword
NBA
Harry Potter
Anime
Kpop
Disney
Country
Song
WWE
NFL
The Office
Puzzle
Soccer
Pokémon
Your Account Isn't Verified!
In order to create a playlist on Sporcle, you need to verify the email address you used during registration. Go to your
Sporcle Settings
to finish the process.
Report this User
Report this user for behavior that violates our
Community Guidelines
.
Details:
Send Report
Go to the Sporcle.com Mobile Site →
Comments